00503nam a2200181 a 45000010005000000030009000050080041000140200015000550400028000700820015000981000034001132450079001472600038002263000010002646500013002746500016002876500018003039217CO-ViMGA141112s2004 ck r 000 u spa d a9586017052 aCO-ViMGAbspacCO-ViMGA04a338.9 S2431 aSarmiento Palacio ; Eduardo, 10aApertura y crecimiento económico : bde la desilución al nuevo estado. aBogotá : bTercer mundo, c1996 a207p.14aAPERTURA14aCRECIMIENTO14aPRODUCTIVIDAD